Μπευζιανή ανάλυση κατηγορικών δεδομένων : πτυχιακή εργασία
Η Μπευζιανή εκτιμητική είναι μεθοδολογική προσέγγιση η οποία συνθέτει τη θεωρητική ή εμπειρική αντίληψη μιας τυχαίας δοκιμασίας, με τα παρατηρηθέντα δεδομένα. Δηλαδή, είναι η διαδικασία κατά την οποία βελτιώνεται η εκ των προτέρων γνώση που έχουμε για μια παράμετρο, μέσω της πιθανοφάνειας στην εκ τω...
Saved in:
| Main Author: | |
|---|---|
| Corporate Author: | |
| Format: | Thesis Book |
| Language: | Greek |
| Published: |
2013.
|
| Subjects: | |
| Online Access: | http://hdl.handle.net/11610/8110 |
| Tags: |
Add Tag
No Tags, Be the first to tag this record!
|
MARC
| LEADER | 00000cam a2200000 i 4500 | ||
|---|---|---|---|
| 001 | 1/39852 | ||
| 008 | 140109s2013 gr | ||| |||| ||gre|| | ||
| 035 | |l 10116279 | ||
| 040 | |a GR-MyUA |b gre |e AACR2 | ||
| 041 | 0 | |a gre | |
| 082 | 0 | |a 519.542 |2 (22) | |
| 100 | 1 | |a Βαζαίος, Βασίλειος. | |
| 245 | 1 | 0 | |a Μπευζιανή ανάλυση κατηγορικών δεδομένων : |b πτυχιακή εργασία / |c Βασίλειος Βαζαίος ; επιβλέπων καθηγητής Στυλιανός Ζήμερας. |
| 260 | |c 2013. | ||
| 300 | |a 88 σ. : |b πιν. ; |c 30 εκ. | ||
| 502 | |a Πτυχιακή εργασία – Πανεπιστήμιο Αιγαίου, Σάμος, 2013. | ||
| 504 | |a Βιβλιογραφία: σ. 88. | ||
| 506 | 0 | |a Διάθεση πλήρους κειμένου - Ελεύθερη πρόσβαση. | |
| 520 | |a Η Μπευζιανή εκτιμητική είναι μεθοδολογική προσέγγιση η οποία συνθέτει τη θεωρητική ή εμπειρική αντίληψη μιας τυχαίας δοκιμασίας, με τα παρατηρηθέντα δεδομένα. Δηλαδή, είναι η διαδικασία κατά την οποία βελτιώνεται η εκ των προτέρων γνώση που έχουμε για μια παράμετρο, μέσω της πιθανοφάνειας στην εκ των υστέρων γνώση που θα έχουμε για αυτή. Τα τελευταία χρόνια, όλο και περισσότερες είναι οι αναφορές της βιβλιογραφίας στη χρήση των Μπευζιανών προσεγγίσεων για την επιλογή του κατάλληλου μοντέλου δεδομένου ότι έχουν ξεπεραστεί παλαιότερες δυσκολίες και ότι είναι γνωστά τα μειονεκτήματα της κλασικής στατιστικής στον τομέα αυτό. | ||
| 610 | 2 | 0 | |a University of the Aegean |x Dissertations. |
| 650 | 0 | 0 | |a Bayesian statistical decision theory. |
| 650 | 0 | 0 | |a Dissertations, Academic |z Greece. |
| 700 | 1 | |a Ζήμερας, Στυλιανός, |e dgs | |
| 710 | 2 | |a Πανεπιστήμιο Αιγαίου. |b Σχολή Θετικών Επιστημών. |b Τμήμα Στατιστικής και Αναλογιστικών-Χρηματοοικονομικών Μαθηματικών. | |
| 852 | |a INST |b SAMOS |c DIATR |e 20140109 |h 519.542 ΒΑΖ |p 005300036279 |q 005300036279 |t DIE |y 23 | ||
| 852 | |a INST |b SAMOS |c DIATR |e 20140109 |h 519.542 ΒΑΖ |p 005300036280 |q 005300036280 |t DIE |y 23 | ||
| 856 | |u http://hdl.handle.net/11610/8110 | ||
| 901 | |a BIBL3-2014-1 | ||
| 909 | |a Σ |b 184468 | ||
| 909 | |a Σ |b 184469 | ||
| 924 | |a ΒΑΖΑΙΟΣ |b ΒΑΣΙΛΕΙΟΣ |y Σάμος |z 2013-10 | ||
| 970 | |a ΚΟΣΙΕΡΗΣ |b ΧΡΗΣΤΟΣ |z 2014/01/09 | ||